banner koha

Atividade da colinesterase plasmática como biomarcador de impacto ambiental em tartarugas verdes (Chelonia mydas)no litoral do arquipélago de Fernando de Noronha, Pernambuco (Registro n. 248896)

MARC details
000 -LÍDER
campo de controle de tamanho fixo 01085nas a2200337 4500
001 - NÚMERO DE CONTROLE
campo de controle BR2016002036
003 - IDENTIFICADOR DO NÚMERO DE CONTROLE
campo de controle BR-BrBNA
005 - DATA E HORÁRIO DA ÚLTIMA TRANSAÇÃO
campo de controle 20231205130330.0
007 - CAMPO FIXO DE DESCRIÇÃO FÍSICA--INFORMAÇÃO GERAL
campo de controle de tamanho fixo ta
008 - CAMPO DE DADOS FIXOS--INFORMAÇÃO GERAL
campo de controle de tamanho fixo 230509b bl.|||p| |||| 00| 00por d
040 ## - FONTE DA CATALOGAÇÃO
Instituição da catalogação original BR-BrBNA
Idioma da catalogação por
Instituição que transcreveu o registro Biblioteca Nacional de Agricultura
041 ## - CÓDIGO DE IDIOMA
Código do idioma do texto/trilha sonora ou título diferente (Pt)
072 ## - CÓDIGO DE CATEGORIA DE ASSUNTO
Código de Categoria de Assunto L50; T01
100 1# - ENTRADA PRINCIPAL--NOME PESSOAL
Nome pessoal Fonseca, L.A.
100 1# - ENTRADA PRINCIPAL--NOME PESSOAL
Nome pessoal Fagundes, V.
100 1# - ENTRADA PRINCIPAL--NOME PESSOAL
Nome pessoal Girardi, F.M.
100 1# - ENTRADA PRINCIPAL--NOME PESSOAL
Nome pessoal Maia, N.L.
100 1# - ENTRADA PRINCIPAL--NOME PESSOAL
Nome pessoal Pimentel, F.G.
100 1# - ENTRADA PRINCIPAL--NOME PESSOAL
Nome pessoal Braga, F.R.
100 1# - ENTRADA PRINCIPAL--NOME PESSOAL
Nome pessoal Hiura, E.
100 1# - ENTRADA PRINCIPAL--NOME PESSOAL
Nome pessoal Santos, M.R.D.
245 1# - TÍTULO
Título Atividade da colinesterase plasmática como biomarcador de impacto ambiental em tartarugas verdes (Chelonia mydas)no litoral do arquipélago de Fernando de Noronha, Pernambuco
650 ## - ASSUNTO--TERMO TÓPICO
Cabeçalho tópico ou nome geográfico TARTARUGA MARINHA
650 ## - ASSUNTO--TERMO TÓPICO
Cabeçalho tópico ou nome geográfico SANGUE
650 ## - ASSUNTO--TERMO TÓPICO
Cabeçalho tópico ou nome geográfico ANÁLISE QUÍMICA
650 ## - ASSUNTO--TERMO TÓPICO
Cabeçalho tópico ou nome geográfico METAL PESADO
650 ## - ASSUNTO--TERMO TÓPICO
Cabeçalho tópico ou nome geográfico IMPACTO AMBIENTAL
773 0# - ENTRADA ANALÍTICA
Título Pesquisa Veterinária Brasileira (Brazil)
ISSN - International Standard Serial Number ISSN 0100-736X
Partes relacionadas (Apr 2015), v. 35(4) p. 385-389
Número de controle do registro BR2016002036
909 ## -
-- 202311
-- Lúcia
-- 55
-- Lúcia Elande
942 ## - ELEMENTOS DE ENTRADA ADICIONADOS (KOHA)
Fonte da classificação ou esquema de arquivamento na estante Classificação AGRIS
Ocultar no OPAC Não
Tipo de material Koha Analítica
Exemplares
Situação do descarte Fonte da classificação ou esquema de arquivamento na estante Situação física Não pode ser emprestado Biblioteca de origem Biblioteca atual Localização na estante Enumeração do periódico / cronologia Total de empréstimos Data de último acesso Número do exemplar Tipo de material Koha Fonte de aquisição
  Classificação AGRIS   Consulta local Biblioteca Nacional de Agricultura - Binagri Biblioteca Nacional de Agricultura - Binagri   (Apr 2015), v. 35(4) p. 385-389   29/11/2023 01 Periódicos Portaria Interministerial nº 164/94

BINAGRI

Telefone: (61)3218-2567/2388/3357/2097 - binagri@agro.gov.br

Ministério da Agricultura e Pecuária , Esplanada dos Ministérios, Bloco D, Anexo B, Brasília/DF, CEP: 70.043-900